[Event "Politiken Cup 29th"]
[Site "Copenhagen"]
[Date "2007.07.23"]
[Round "4"]
[White "Valla, Martin"]
[Black "Duchene, Rene"]
[Result "0-1"]
[WhiteElo "2033"]
[BlackElo "2188"]
[PlyCount "60"]
[EventDate "2007.07.21"]
[EventType "swiss"]
[EventRounds "10"]
[EventCountry "DEN"]
[SourceTitle "CBM 119 Extra"]
[Source "ChessBase"]
[SourceDate "2007.09.04"]
[SourceVersion "1"]
[SourceVersionDate "2007.09.04"]
[SourceQuality "1"]

1. d4 Nf6 2. c4 g6 3. Nc3 Bg7 4. e4 d6 5. Nf3 0-0 6. Be2 e5 7. 0-0 Nc6 8. d5 Ne7 9. Bg5 h6 10. Bxf6 Bxf6 11. b4 Bg7 12. c5 f5 13. Nd2 fxe4 14. cxd6 cxd6 15. Ncxe4 Nf5 16. Nc4 h5 17. b5 Rf7 18. Qa4 Bf8 19. Rac1 Nd4 20. Bd3 Bf5 21. Rfe1 a6 22. b6 Qh4 23. f3 Bh6 24. Ncxd6 Bd7 25. Qb4 Rxf3 26. g3 Qh3 27. Rcd1 Raf8 28. Qc4 Rxg3+ 29. hxg3 Nf3+ 30. Kf2 Qh2+ 0-1

[Event "Haarlem BDO-B"]
[Site "Haarlem"]
[Date "2005.09.03"]
[Round "8"]
[White "Van den Berg, Ad"]
[Black "Duchene, Rene"]
[Result "1/2-1/2"]
[WhiteElo "2298"]
[BlackElo "2219"]
[PlyCount "117"]
[EventDate "2005.08.27"]
[EventType "tourn"]
[EventRounds "9"]
[EventCountry "NED"]
[SourceTitle "CBM 108 Extra"]
[Source "ChessBase"]
[SourceDate "2005.11.04"]
[SourceVersion "1"]
[SourceVersionDate "2005.11.04"]
[SourceQuality "1"]

1. Nf3 c5 2. e4 Nc6 3. Nc3 g6 4. d4 cxd4 5. Nxd4 Bg7 6. Be3 Nf6 7. Bc4 0-0 8. Bb3 d6 9. f3 Bd7 10. Qe2 Qa5 11. Rd1 Nxd4 12. Bxd4 Bc6 13. 0-0 b5 14. Nd5 Bxd5 15. exd5 Rfe8 16. f4 Nd7 17. Bxg7 Kxg7 18. h4 h5 19. g3 Rac8 20. Rd3 Qb6+ 21. Kg2 a5 22. c3 a4 23. Bd1 Rc5 24. Qd2 f5 25. Re1 Nf6 26. Bf3 Qc7 27. a3 Rc4 28. Re6 Kf7 29. Rde3 Qb7 30. Kg1 Rc5 31. Rd3 Qa7 32. Ree3 Rc4 33. Kg2 Rec8 34. Qe1 R8c7 35. Rd2 Qb7 36. Rd1 R4c5 37. Red3 Rc4 38. Qe6+ Kf8 39. Rd4 Qc8 40. Qe3 Rxd4 41. Rxd4 Rc5 42. Qd3 Qb7 43. Kf2 Qa7 44. Ke2 Qb7 45. Kd2 Kf7 46. Kc2 Kf8 47. Kb1 Kf7 48. Qd1 Kf8 49. Rb4 Qd7 50. Qd3 Kf7 51. Ka2 Kf8 52. Qd1 Qa7 53. Qd4 Qd7 54. c4 bxc4 55. Rxc4 Rxc4 56. Qxc4 Qa7 57. Bd1 Qg1 58. Bxa4 Qxg3 59. Qc8+ 1/2-1/2

[Event "Haarlem BDO-B"]
[Site "Haarlem"]
[Date "2005.08.30"]
[Round "4"]
[White "Gijswijt, Bart"]
[Black "Duchene, Rene"]
[Result "0-1"]
[WhiteElo "2234"]
[BlackElo "2219"]
[PlyCount "72"]
[EventDate "2005.08.27"]
[EventType "tourn"]
[EventRounds "9"]
[EventCountry "NED"]
[SourceTitle "CBM 108 Extra"]
[Source "ChessBase"]
[SourceDate "2005.11.04"]
[SourceVersion "1"]
[SourceVersionDate "2005.11.04"]
[SourceQuality "1"]

1. d4 Nf6 2. Nf3 g6 3. c4 Bg7 4. Nc3 0-0 5. e4 d6 6. Be2 e5 7. 0-0 Na6 8. Bg5 h6 9. Bh4 g5 10. Bg3 Nh5 11. d5 Nf4 12. Nd2 Nc5 13. Nb3 Nxe4 14. Nxe4 Nxe2+ 15. Qxe2 f5 16. f3 fxe4 17. fxe4 b6 18. Qh5 Qe8 19. Rxf8+ Kxf8 20. Rf1+ Ke7 21. Qe2 Bd7 22. Bf2 Qg6 23. Nd2 Rf8 24. b4 g4 25. c5 Bf6 26. cxd6+ cxd6 27. Be3 Rc8 28. Qd3 Bg5 29. Nc4 Bb5 30. Nxe5 Bxe3+ 31. Qxe3 dxe5 32. Rf5 Rf8 33. d6+ Qxd6 34. h3 Rxf5 35. exf5 Qd4 36. Qxd4 exd4 0-1

[Event "Haarlem BDO-B"]
[Site "Haarlem"]
[Date "2005.08.29"]
[Round "3"]
[White "Duchene, Rene"]
[Black "Van Nies, Pauline"]
[Result "0-1"]
[WhiteElo "2219"]
[BlackElo "2074"]
[PlyCount "30"]
[EventDate "2005.08.27"]
[EventType "tourn"]
[EventRounds "9"]
[EventCountry "NED"]
[SourceTitle "CBM 108 Extra"]
[Source "ChessBase"]
[SourceDate "2005.11.04"]
[SourceVersion "1"]
[SourceVersionDate "2005.11.04"]
[SourceQuality "1"]

1. Nf3 g6 2. c4 Bg7 3. e4 c5 4. d4 cxd4 5. Nxd4 Nc6 6. Be3 Nf6 7. Nc3 Ng4 8. Qxg4 Nxd4 9. Qd1 e5 10. Bd3 0-0 11. 0-0 d6 12. Qd2 Be6 13. Rad1 a6 14. b3 Qa5 15. Bb1 Qxc3 0-1

[Event "FRA-chT"]
[Site "France"]
[Date "1999.??.??"]
[Round "1"]
[White "Bramme, Emmanuelle"]
[Black "Duchene, Rene"]
[Result "1-0"]
[WhiteElo "2061"]
[BlackElo "2200"]
[PlyCount "72"]
[EventDate "1999.02.??"]
[EventType "team"]
[EventRounds "11"]
[EventCountry "FRA"]
[SourceTitle "EXT 2000"]
[Source "ChessBase"]
[SourceDate "1999.11.16"]
[SourceVersion "1"]
[SourceVersionDate "1999.11.16"]
[SourceQuality "1"]

1. d4 Nf6 2. Nf3 e6 3. c4 Bb4+ 4. Nbd2 0-0 5. a3 Be7 6. e3 b6 7. Bd3 Bb7 8. 0-0 d5 9. b4 c5 10. cxd5 Nxd5 11. bxc5 bxc5 12. Qc2 h6 13. dxc5 Nd7 14. c6 Rc8 15. Bb5 a6 16. Ba4 N7b6 17. Nd4 Ba8 18. Bb2 Bf6 19. Rac1 e5 20. N4f3 Nxa4 21. Qxa4 Qb6 22. Bxe5 Bxc6 23. Qb3 Qxb3 24. Nxb3 Bb7 25. Bxf6 Nxf6 26. Nfd4 Bd5 27. Na5 Rxc1 28. Rxc1 Rb8 29. Nac6 Rb7 30. h3 Ne4 31. Na5 Rb8 32. f3 Nf6 33. e4 Ba8 34. Nac6 Bxc6 35. Nxc6 Rb7 36. Nb4 a5 1-0

[Event "FRA-chT"]
[Site "France"]
[Date "1999.??.??"]
[Round "2"]
[White "Duchene, Rene"]
[Black "Bonvalot, Isabelle"]
[Result "1-0"]
[WhiteElo "2200"]
[BlackElo "2005"]
[PlyCount "71"]
[EventDate "1999.02.??"]
[EventType "team"]
[EventRounds "11"]
[EventCountry "FRA"]
[SourceTitle "EXT 2000"]
[Source "ChessBase"]
[SourceDate "1999.11.16"]
[SourceVersion "1"]
[SourceVersionDate "1999.11.16"]
[SourceQuality "1"]

1. d4 f5 2. g3 Nf6 3. Bg2 g6 4. Nf3 Bg7 5. 0-0 0-0 6. b4 d6 7. Bb2 Ne4 8. Nfd2 d5 9. c4 c6 10. f3 Ng5 11. e3 Be6 12. Qe2 Na6 13. a3 Nc7 14. Nc3 Bf7 15. cxd5 Nxd5 16. Rac1 Qd7 17. Nxd5 Bxd5 18. Nc4 Nf7 19. Rfd1 Rad8 20. e4 Qe6 21. Qc2 Bxc4 22. Qxc4 Qxc4 23. Rxc4 fxe4 24. fxe4 Nd6 25. Rc2 Nb5 26. Rcd2 Bh6 27. Rd3 Nd6 28. Bc1 Bxc1 29. Rxc1 Nf7 30. d5 Ne5 31. Rdc3 a6 32. a4 Rf6 33. b5 axb5 34. axb5 cxb5 35. Rc7 b4 36. Rxe7 1-0

[Event "FRA-chT"]
[Site "France"]
[Date "1999.??.??"]
[Round "4"]
[White "Duchene, Rene"]
[Black "Chapelle, Emilie"]
[Result "0-1"]
[WhiteElo "2200"]
[BlackElo "2011"]
[PlyCount "52"]
[EventDate "1999.02.??"]
[EventType "team"]
[EventRounds "11"]
[EventCountry "FRA"]
[SourceTitle "EXT 2000"]
[Source "ChessBase"]
[SourceDate "1999.11.16"]
[SourceVersion "1"]
[SourceVersionDate "1999.11.16"]
[SourceQuality "1"]

1. d4 Nf6 2. c4 e6 3. Nf3 b6 4. e3 Bb7 5. Be2 c5 6. 0-0 Be7 7. Nc3 cxd4 8. Nxd4 0-0 9. Bf3 Nc6 10. b3 Na5 11. Bxb7 Nxb7 12. Qf3 Nc5 13. Rd1 Qc7 14. Bb2 a6 15. Rd2 Rfd8 16. Rc1 g6 17. Nde2 Qc6 18. Qf4 Nh5 19. Qg4 Nf6 20. Qd4 d6 21. Qf4 e5 22. Qh6 Nh5 23. Nd5 Bf8 24. Qg5 Ne4 25. Qh4 Nxd2 26. g4 Nf3+ 0-1